000 00929nam a2200277 a 4500
008
020 _a9780124047051 (paperback)
040 _aNUST
_cNUST
049 _aMAIN
090 _aHV1569.5
_bSMI
100 1 _aSmith, Kel.,
_aauthor.
245 0 _aDigital outcasts :
_bmoving technology forward without leaving people behind/
_c Kel Smith.
260 _aWaltham, MA (U.S.A) ;
_bMorgan Kaufmann,
_c2013.
300 _axx, 268 pages :
_billustrations ;
_c24 cm.
336 _atext
_btxt
_2rdacontent
337 _aunmediated
_bn
_2rdamedia
338 _avolume
_bnc
_2rdacarrier
500 _aIncludes index.
504 _aIncludes bibliographical references.
650 1 _aAssistive computer technology.
650 _aComputers and people with disabilities.
907 _a.b10416225
_b11-03-22
_c10-03-22
003
005 20230123141235.0
942 _cBOOKS
_kHV1569.5
_mSMI
999 _c170089
_d170089